Comuni della provincia di Roma che iniziano con A - Statistics

Statistiche generali
  • Questo quiz è stato fatto 14 volte
  • Il punteggio medio è 9 su 12
Statistiche sulle risposte
Comuni % Corretto
Albano Laziale
85%
Anguillara Sabazia
85%
Allumiere
77%
Anticoli Corrado
77%
Anzio
77%
Ariccia
77%
Agosta
69%
Arsoli
69%
Artena
69%
Affile
62%
Arcinazzo Romano
62%
Ardea
62%
Nessun quiz corrispondente trovato
Distribuzione punteggi
Percentuale di utenti per punteggio
Percentile per numero di risposta
I tuoi punteggi nel tempo
Non hai fatto questo quiz